00656nam a2200205Ia 4500008004100000020001500041082001300056100001900069245003200088250000800120260002500128300000800153500002400161650001200185700002500197942000700222952010200229952010200331999001700433230524s9999 xx 000 0 und d a0070858217 a530bTIM aS.P.Timoshenko 0aTheory of Elastic Stability a2ND aNEW DELHIbTMHc1963 a541 aQuantity Number: 2 aPhysics a James M.Gere911781 cBK 00104070aTATCLbTATCLcGENd2023-05-24l0o530 TIMp8474r2023-05-24w2023-05-24yBKzCPEC5305 00104070aTATCLbTATCLcGENd2023-05-24l0o530 TIMp8475r2023-05-24w2023-05-24yBKzCPEC5305 c25971d25971